Služby a DPH

Poskytovanie služieb v tuzemsku. Sadzby dane pri poskytovaní služieb. Služby, ktoré sú zatriedené do kódu 45 Klasifikácie produkcie ako stavebné práce. Služby montážne a inštalačné. Služby, pri reAlizácii ktorých dochádza k spotrebe materiálu. Vývoz služieb a prevod a využitie práv do zahraničia. Sl...

ver descrição completa

Na minha lista:
Detalhes bibliográficos
Autor principal: Kralovičová, A.
Formato: Capítulo de Livro
Idioma:eslovaco
Assuntos:
Tags: Adicionar Tag
Sem tags, seja o primeiro a adicionar uma tag!

MARC

LEADER 00000naa a2200000 4500
001 r025596
005 20230912111932.5
041 0 |a slo 
044 |a SK 
245 1 0 |a Služby a DPH  |c A. Kralovičová 
520 |a Poskytovanie služieb v tuzemsku. Sadzby dane pri poskytovaní služieb. Služby, ktoré sú zatriedené do kódu 45 Klasifikácie produkcie ako stavebné práce. Služby montážne a inštalačné. Služby, pri reAlizácii ktorých dochádza k spotrebe materiálu. Vývoz služieb a prevod a využitie práv do zahraničia. Služby cestovných kancelárií. 
610 2 0 |a služby 
610 2 0 |a klasifikácia 
610 2 0 |a sadzby daňové 
610 2 0 |a dane z hodnoty pridanej 
610 2 0 |a Slovensko 
100 1 |a Kralovičová, A.